000
00189 a2200097 4500
020
_a
9789681654597
041
_a
spa
100
_a
Hasler, Eveline
245
_a
La escuela vuela
942
_c
BK
999
_c
28577
_d
28577